Państwa które mają napis we fladze - Statystyki

Ogólne statystyki
  • Ten quiz został rozwiązany 75 razy
  • Średni wynik to 5 z 15
Statystyki odpowiedzi
Państwa: % Poprawnych
Arabia Saudyjska
75%
Brazylia
66%
Irak
49%
Afganistan
40%
San Marino
37%
Belize
35%
Andora
29%
Haiti
29%
Dominikana
25%
Gwatemala
18%
Salwador
17%
Nikaragua
15%
Paragwaj
12%
Brunei
9%
Gwinea Równikowa
5%
Nie znaleziono quizów pasujących do podanych kryteriów
Rozkład punktacji
Procent ludzi z każdym wynikiem
Percentyl według liczby udzielonych odpowiedzi
Twoja historia wyników
Nie rozwiązałeś tego quizu